Баллада о Бабе Наде: [стихи]; Мы - математики

Podrobná bibliografie
Parent link:Мы - математики.— 2002.— С. 21-22
Hlavní autor: Русановская А. С.
Shrnutí:Фотографии стр. 99-102.
Jazyk:ruština
Vydáno: 2002
Témata:
Médium: MixedMaterials Kapitola
KOHA link:https://koha.lib.tpu.ru/cgi-bin/koha/opac-detail.pl?biblionumber=191481

MARC

LEADER 00000naa2a2200000 4500
001 191481
005 20231031180721.0
035 |a (RuTPU)RU\TPU\book\208783 
090 |a 191481 
100 |a 20110205d2002 k y0rusy50 ca 
101 0 |a rus 
102 |a RU 
200 1 |a Баллада о Бабе Наде  |e [стихи]  |f А. С. Русановская 
300 |a Фотографии стр. 99-102. 
463 0 |0 (RuTPU)RU\TPU\book\46950  |t Мы - математики  |f Томский политехнический университет. Кафедра высшей математики  |v С. 21-22  |d 2002  |p 105 с. 
600 1 |a Пестова  |b Н. Ф.  |c российский ученый  |c математик  |g Надежда Федосеевна  |f 1932-  |y Томск  |2 stltpush  |3 (RuTPU)RU\TPU\pers\2960 
610 1 |a высшая математика 
610 1 |a кафедры 
610 1 |a математики 
610 1 |a личностные качества 
610 1 |a воспитание 
610 1 |a труды учёных ТПУ 
700 1 |a Русановская  |b А. С. 
801 1 |a RU  |b 63413507  |c 20110205 
801 2 |a RU  |b 63413507  |c 20110208  |g RCR 
942 |c BK